000
00223nam a2200085Ia 4500
245
0
_a
Littlenose the magician
100
_a
Grant, John London, 2009
_9
100819
942
_c
BK
008
210818s9999 xx 000 0 und d
999
_c
434162
_d
434161